Loading...

Perspectives in education evaluation /

Bibliographic Details
Format: Printed Book
Language:English
Published: New Delhi: Commonwealth publishers, 1992.
Edition:1st ed.
Series:World educational development series; 8
Subjects:
LEADER 00730cam a2200229ua 4500
008 060815t1992||||||||||| 00 ||eng c
020 |a 81-7169-230-3 
041 0 |a eng 
082 |a 371.26  |b  VKR/P 
245 0 0 |a Perspectives in education evaluation /  
250 |a 1st ed. 
260 |a New Delhi:  |b Commonwealth publishers,  |c 1992. 
300 |a 312p.. 
362 1 |a 1992. 
365 |a Rs.350/-  |e hb 
440 0 |a World educational development series; 8 
490 0 |a World educational development series; 8 
650 |a Examinations and tests 
650 0 |a Education 
942 |c BK 
999 |c 8257  |d 8257 
952 |0 0  |1 0  |4 0  |6 371_260000000000000_VKR  |7 0  |9 8628  |a KUCL  |b KUCL  |d 2014-05-23  |l 0  |o 371.26 VKR/  |p 01532  |r 2014-05-23  |w 2014-05-23  |y BK